000 00691nam a2200181 i 4500
001 155621
003 ES-MaACL
005 20230906210139.0
008 040726s1894 sp |||| | spa d
100 1 _aHoyos Sáinz, Luis de,
_d1868-1951
_964437
245 1 3 _aLa segunda enseñanza /
_cpor Luis de Hoyos Sainz.
260 _aMadrid :
_b[s.n.],
_c1894 (
_fEstab. Tip. de Agustín Avrial)
300 _a31 p. ;
_c24 cm.
594 _aEn port.: "Artículo extractado de "La España moderna"
650 0 4 _aEnseñanza secundaria-
_zEspaña-
_yS.XIX.
_912315
852 _aES-MaACL
_jT-866-F-12
_z- Enc. hol. conservando cub. original
_z- Enc. en un vol. facticio
999 _c155621
_d155621